000 00610nam a2200217Ia 4500
003 GCL
008 140319s9999 xx 000 0 ara d
040 _aGCL /
_cGCL
082 0 4 _a811.00901
_bم ش
100 1 _aمحمد عثمان على
245 1 0 _aشعراء بنى اسد /
_cمحمد عثمان على
260 _a[S.N] :
_bدار الاوزاعى ،
_c1986
300 _a537 ص
490 _a
650 0 4 _aالشعر العربى
650 0 4 _aالعصر الجاهلى
650 0 4 _aصدر الاسلام
650 0 4 _aبنو اسد
650 0 4 _aتاريخ ونقد
942 _2ddc
_cBK
999 _c56067
_d56067